プロ野球スピリッツA【プロスピA】の外国人選手 (阪神タイガース) - Statistics

General Stats
  • This quiz has been taken 185 times
    12 since last reset
  • The average score is 17 of 38
Answer Stats
選手名 % Correct
投手(OB) R.メッセンジャー
100%
野手(OB) R.バース
90%
野手 J.マルテ
80%
野手 M.マートン
80%
投手 R.ドリス
80%
野手(OB) T.オマリー
80%
野手 J.サンズ
70%
投手 呉昇桓
60%
投手 J.デュプランティエ
60%
投手(OB) J.ウィリアムス
60%
投手 M.マテオ
60%
野手 S.ノイジー
60%
野手(OB) C.ブラゼル
50%
投手(OB) J.スタンリッジ
50%
野手 R.ヘルナンデス
50%
野手 W.ロサリオ
50%
野手 E.ナバーロ
40%
投手(OB) G.バッキー
40%
野手(OB) G.アリアス
40%
投手 J.ビーズリー
40%
投手 J.ゲラ
40%
野手 J.ミエセス
40%
投手 J.ガンケル
40%
野手 J.ボーア
40%
野手 M.ゴメス
40%
投手 R.スアレス
40%
投手 K.ケラー
30%
野手 M.ロハス・ジュニア
30%
投手 P.ジョンソン
30%
投手 R.アルカンタラ
30%
投手 A.ウィルカーソン
20%
投手(OB) B.リベラ
20%
投手 J.エドワーズ
20%
野手 N.ペレス
20%
投手 O.ガルシア
20%
投手 チェン・ウェイン
10%
投手 D.モレノ
10%
野手 E.キャンベル
10%
No matching quizzes found
Score Distribution
Percent of People with Each Score
Percentile by Number Answered
Your Score History
You have not taken this quiz since the last reset